| 000 | 00705nam a2200205 i 4500 | ||
|---|---|---|---|
| 001 | 29581 | ||
| 003 | ES-MaACL | ||
| 005 | 20250828123539.0 | ||
| 007 | t| | ||
| 008 | 030122s1877 sp |||| | spa d | ||
| 100 | 1 |
_aBarreiro, Bernardo. _925890 |
|
| 245 | 1 | 0 |
_aEfemérides del Reino de Galicia / _cpor Bernardo Barreiro de V. V. |
| 260 |
_aSantiago : _b[s.n.], _c1877 ( _fJosé B. Garabal) |
||
| 300 |
_aVIII, 52 p. ; _c23 cm. |
||
| 651 | 4 |
_aGalicia- _xHistoria. _98728 |
|
| 852 |
_aES-MaACL _jZ-3-F-23 _cDEPOZ |
||
| 856 |
_uhttp://biblioteca.galiciana.gal/es/consulta/registro.do?id=9788 _yVersión digital en línea _z(Galiciana) |
||
| 942 |
_2udc _cFOLLETOS |
||
| 999 |
_c29581 _d29581 |
||